[Event "Brezova op"]
[Site "Brezova pod Bradlom"]
[Date "2010.08.24"]
[Round "3"]
[White "Sebo, Viktor"]
[Black "Blatnicky, Miroslav"]
[Result "1-0"]
[WhiteElo "1875"]
[BlackElo "2119"]
[PlyCount "63"]
[EventDate "2010.08.22"]
[EventType "swiss"]
[EventRounds "9"]
[EventCountry "SVK"]
[SourceTitle "CBM 138 Extra"]
[Source "ChessBase"]
[SourceDate "2010.10.29"]
[SourceVersion "1"]
[SourceVersionDate "2010.10.29"]
[SourceQuality "1"]

1. e4 e6 2. d4 d5 3. Nd2 Nf6 4. e5 Nfd7 5. Bd3 c5 6. c3 Nc6 7. Ne2 Qb6 8. Nf3 cxd4 9. cxd4 Bb4+ 10. Bd2 f6 11. exf6 Nxf6 12. 0-0 0-0 13. Rc1 Bd7 14. a3 Bxd2 15. Qxd2 Na5 16. Rc3 Rac8 17. Ne5 Bb5 18. Rxc8 Rxc8 19. Rc1 Rxc1+ 20. Qxc1 Nc6 21. Bxb5 Qxb5 22. Nf4 Nxd4 23. Qc7 Qe8 24. Qxb7 a5 25. Qb6 Qc8 26. Nfd3 Ne2+ 27. Kf1 Nc1 28. Nc6 Kf7 29. Nxc1 Nd7 30. Qb5 Qc7 31. Nd3 Qxh2 32. Qb7 1-0